[Event "Mechanics' Summer TNM; G/2"]
[Site "San Francisco"]
[Date "2015.06.09"]
[Round "3.8"]
[White "Argo, Guy M"]
[Black "Wong, Russell"]
[Result "0-1"]
[WhiteElo "1893"]
[BlackElo "2200"]
[PlyCount "42"]
[EventDate "2015.??.??"]

1. e4 Nf6 2. e5 Nd5 3. c4 Nb6 4. d4 d6 5. f4 g5 6. fxg5 Bg7 7. Bf4 dxe5 8. Bxe5
Bxe5 9. dxe5 Qxd1+ 10. Kxd1 Nc6 11. Nf3 Bg4 12. Be2 Bxf3 13. gxf3 O-O-O+ 14.
Nd2 Nxe5 15. Kc2 Rd4 16. b3 Rh4 17. Rad1 Nbd7 18. Ne4 Nf8 19. Kd2 Ne6 20. Ke3
c6 21. Nc3 Rd8 {both scoresheets are unreadable at this point.} 0-1

[Event "Mechanics' Summer TNM; G/2"]
[Site "San Francisco"]
[Date "2015.06.09"]
[Round "3.11"]
[White "Askin, David"]
[Black "Campers Jr, Willie"]
[Result "1-0"]
[WhiteElo "1959"]
[BlackElo "1806"]
[PlyCount "83"]
[EventDate "2015.??.??"]

1. d4 d5 2. Nf3 e6 3. c4 c6 4. e3 Nf6 5. Nc3 a6 6. Bd3 Bd6 7. O-O O-O 8. e4
dxe4 9. Nxe4 Nxe4 10. Bxe4 f5 11. Bc2 Nd7 12. Re1 Nf6 13. c5 Bc7 14. Ng5 Re8
15. Bb3 Bxh2+ 16. Kxh2 Ng4+ 17. Kg1 Qf6 18. f3 Nh6 19. Bf4 Bd7 20. Qd2 Nf7 21.
Nxf7 Qxf7 22. Re3 h6 23. Rae1 g5 24. Bd6 Qg6 25. Qe2 Kf7 26. Re5 (26. a4 Rad8
27. Qd3 Qg7 28. Bc2 h5 29. g4 hxg4 30. fxg4 Rh8) 26... a5 27. a4 Rad8 28. Qd3
Kg7 29. Bc2 h5 30. g4 hxg4 31. fxg4 Rh8 32. R5e2 Rh4 33. Rg2 Qh6 34. Be5+ Kf7
35. gxf5 Rh3 36. fxe6+ Bxe6 37. Qe4 Ke7 38. Bh2 Rh8 39. Qe5 Rf3 40. Bf5 Rxf5
41. Qxf5 Kd7 42. Qe5 1-0

[Event "Mechanics' Spring TNM; G/2"]
[Site "San Francisco"]
[Date "2015.04.21"]
[Round "6.7"]
[White "Askin, David"]
[Black "Gaffagan, Steven"]
[Result "1-0"]
[WhiteElo "1959"]
[BlackElo "2128"]
[Annotator "Winslow,Elliott"]
[PlyCount "93"]
[EventDate "2015.??.??"]

1. d4 Nf6 2. Nf3 b5 3. Bg5 Bb7 4. Nbd2 a6 5. c3 d6 6. Qc2 Nbd7 7. e4 e6 8. Bd3
h6 9. Bh4 g5 10. Bg3 Nh5 11. Nb3 Nxg3 12. hxg3 c6 13. Be2 Bg7 14. Rd1 a5 15. d5
cxd5 16. exd5 Bxd5 17. Bxb5 Qc7 18. a4 O-O 19. Nxg5 f5 20. Nf3 Nf6 21. O-O Ng4
22. Nbd4 Rac8 23. Nh4 Qf7 24. Qe2 Ne5 25. Rfe1 Bf6 26. Nhf3 Kh8 27. Nxe5 dxe5
28. Nf3 e4 29. Nd4 Be7 30. Nc2 Bc5 31. Ne3 Rcd8 32. b4 Bb6 33. c4 Bb7 34. c5
Bc7 35. Rxd8 Rxd8 36. Rd1 Bd5 37. Bc4 axb4 38. Qb2+ Kh7 39. Qxb4 Rb8 40. Qc3
Bxc4 41. Nxc4 Rc8 42. Qd4 Rd8 43. Qa1 Rxd1+ 44. Qxd1 e5 45. Nd6 Qd7 46. Qd5 Kg6
47. Qxe5 1-0

[Event "Mechanics' Spring TNM; G/2"]
[Site "San Francisco"]
[Date "2015.03.17"]
[Round "1.18"]
[White "Askin, David"]
[Black "Harris, Clarence"]
[Result "1-0"]
[WhiteElo "1959"]
[BlackElo "1467"]
[PlyCount "41"]
[EventDate "2015.??.??"]

1. d4 Nf6 2. Nf3 g6 3. Bf4 Bg7 4. e3 O-O 5. h3 d6 6. Be2 Nbd7 7. c3 c5 8. O-O
Qc7 9. Nbd2 e5 10. dxe5 dxe5 11. Bh2 Re8 12. Nc4 b5 13. Nd6 Re6 14. Nxb5 Qb8
15. b3 a6 16. Na3 Ne8 17. Nc4 f6 18. Qc2 Bb7 19. Na5 Qc7 20. Nxb7 Qxb7 21. Bc4
1-0

[Event "Mechanics' Summer TNM; G/2"]
[Site "San Francisco"]
[Date "2015.07.07"]
[Round "7.9"]
[White "Askin, David"]
[Black "Maser, Thomas F"]
[Result "0-1"]
[WhiteElo "1959"]
[BlackElo "1900"]
[Annotator "Donaldson"]
[PlyCount "48"]
[EventDate "2015.??.??"]

1. d4 Nf6 2. Nf3 e6 3. c4 Bb4+ 4. Bd2 a5 5. g3 (5. Nc3) 5... O-O 6. Bg2 d5 7.
O-O Ne4 8. Qc2 Nxd2 9. Nbxd2 b6 10. Rfd1 Bb7 11. Rac1 c6 12. e4 Nd7 13. h4 (13.
e5 c5) 13... Be7 14. Nh2 f5 15. exf5 exf5 16. cxd5 cxd5 17. Qc7 Rb8 18. Nhf3
Nf6 19. Qe5 Ne8 20. Qe6+ Kh8 21. Ne5 Nd6 22. Nc6 Bxc6 23. Rxc6 Ne4 24. Nf1 $4 (
24. Rc2 $11) 24... Rf6 0-1

[Event "Mechanics' Summer TNM; G/2"]
[Site "San Francisco"]
[Date "2015.06.16"]
[Round "4.5"]
[White "Askin, David"]
[Black "Traub, Igor Vladim"]
[Result "1/2-1/2"]
[WhiteElo "1959"]
[BlackElo "2097"]
[Annotator "Donaldson"]
[PlyCount "103"]
[EventDate "2015.??.??"]

1. d4 d5 2. Nf3 Nf6 3. c4 c6 4. Nc3 e6 5. e3 Bd6 6. Bd3 O-O 7. e4 dxe4 8. Nxe4
Nxe4 9. Bxe4 Nd7 10. O-O Nf6 11. Bc2 h6 12. b3 Qc7 13. Bb2 Rd8 14. Qe2 b5 15.
c5 Be7 16. Rad1 a5 17. Ne5 b4 18. Qf3 Rd5 19. Rfe1 Bf8 20. Bc1 Ba6 {Diagram #}
21. Bxh6 $1 Rad8 22. Be3 Bxc5 $2 23. Nxf7 (23. Bg5 Be7 24. Qh3 {
was also quite strong.}) 23... Kxf7 24. dxc5 Rxd1 25. Rxd1 Rxd1+ 26. Qxd1 Qe5
27. Qd4 Qxd4 28. Bxd4 Nd7 29. f4 e5 30. fxe5 Ke6 31. Kf2 Nxe5 32. Be4 Bb5 33.
Kg3 g5 34. h4 gxh4+ 35. Kxh4 Nd3 36. g4 Nc1 37. Bb1 (37. g5 $1 Nxa2 38. g6 {
was winning.}) 37... Bd3 38. Bxd3 Nxd3 39. Be3 Ke5 40. Kh5 Ke4 41. Bd2 (41. Bg1
) 41... Ne5 42. g5 Kf5 43. Be3 Ke4 44. Bf2 Nd3 45. Bg3 Nxc5 46. g6 Ne6 47. Bf2
c5 48. Kh6 Kd5 49. g7 Nxg7 50. Kxg7 c4 51. bxc4+ Kxc4 52. Kf6 1/2-1/2

[Event "Mechanics' Spring TNM; G/2"]
[Site "San Francisco"]
[Date "2015.05.05"]
[Round "8.2"]
[White "Askin, David"]
[Black "Wong, Russell"]
[Result "0-1"]
[WhiteElo "1959"]
[BlackElo "2215"]
[Annotator "Donaldson"]
[PlyCount "41"]
[EventDate "2015.??.??"]

1. d4 Nf6 2. Nf3 c5 3. d5 a6 4. a4 d6 5. Nc3 g6 6. e4 Bg7 7. Be2 O-O 8. h3 e6
9. O-O e5 10. Nd2 Nbd7 11. Nc4 Qe7 12. a5 Rb8 13. Ra3 b5 14. axb6 Nxb6 15. Na5
Qc7 16. b3 Ra8 17. Be3 Nfd7 18. Bd3 f5 19. f3 f4 20. Bf2 Nf6 21. Qe2 {
White is better at this stage, but Black won with a kingside attack. Remaining
moves unavailable.} 0-1

[Event "Mechanics' Fall TNM; G/2"]
[Site "San Francisco"]
[Date "2015.11.24"]
[Round "6.19"]
[White "Askin, David Benja"]
[Black "Bertot, German"]
[Result "0-1"]
[WhiteElo "1974"]
[BlackElo "1601"]
[Annotator "Donaldson"]
[PlyCount "84"]
[EventDate "2015.??.??"]

1. e4 e5 2. Nf3 Nc6 3. Bb5 Nf6 4. O-O a6 5. Ba4 b5 6. Bb3 Be7 7. d3 d6 8. a4
Bg4 9. c3 O-O 10. Nbd2 Qd7 11. Re1 Na5 12. Ba2 c5 13. h3 Be6 14. Bxe6 Qxe6 15.
Nf1 Nc6 16. Bg5 h6 17. Bxf6 Bxf6 18. Ne3 Rfb8 19. Nd5 Bd8 20. Qe2 Ne7 21. Nxe7+
Bxe7 22. Nd2 Bd8 23. axb5 axb5 24. Nf1 c4 25. Ne3 Bb6 26. Nd5 Rxa1 27. Rxa1
cxd3 28. Qxd3 Bc5 29. b4 Bb6 30. Ra6 Bd8 31. Qe3 Qd7 {Diagram #} 32. Ra7 (32.
Qa7 $1 Rb7 33. Qa8 $18 {would have been the perfect culmination of White's
good knight versus bad bishop strategy. Black is helpless to stop Rxd6.}) 32...
Rb7 33. Ra8 Kh7 34. Qf3 Bg5 35. g4 Ra7 36. Rxa7 Qxa7 37. Qf5+ g6 38. Qc8 $4 (
38. Qf3 $11) 38... Bh4 39. Ne3 Bg5 $2 (39... Qa1+ 40. Kg2 Qe1 $19) 40. Nd5 Bh4
$2 (40... Qa1+ 41. Kg2 Qe1 42. Kf3 Bh4) 41. Ne3 Bg5 42. Ng2 Bd2 {
Black is much better but resignation seems premature.} 0-1

[Event "Mechanics' Fall TNM; G/2"]
[Site "San Francisco"]
[Date "2015.10.20"]
[Round "1.20"]
[White "Askin, David Benja"]
[Black "Gomboluudev, Enkhjin"]
[Result "0-1"]
[WhiteElo "1974"]
[BlackElo "1416"]
[PlyCount "72"]
[EventDate "2015.??.??"]

1. d4 d5 2. Nf3 Nf6 3. c4 c6 4. Nc3 e6 5. e3 Nbd7 6. Bd3 dxc4 7. Bxc4 b5 8. Bd3
Bb7 9. O-O a6 10. e4 c5 11. d5 Qc7 12. dxe6 fxe6 13. Ng5 Qc6 14. Qe2 Be7 15.
Nxb5 h6 16. Nc7+ Qxc7 17. Nxe6 Qc6 18. Nxg7+ Kd8 19. Nf5 Bf8 20. f3 Ne5 21. Bc2
Kc7 22. Bf4 Re8 23. Rac1 Kc8 24. Rfd1 Nh5 25. Be3 Qb5 26. Qe1 Qxb2 27. Bb3 c4
28. Bxc4 Nxc4 29. Rxc4+ Kb8 30. Qa5 Ba3 31. Qc7+ Ka8 32. Ra4 Qb5 33. Rxa3 Rc8
34. Qf7 Rhd8 35. Rf1 Rc2 36. Rb3 {Diagram [#]} Qxf1+ 0-1

[Event "Mechanics' Fall TNM; G/2"]
[Site "San Francisco"]
[Date "2015.12.08"]
[Round "8.24"]
[White "Askin, David Benja"]
[Black "Kim, Isaiah Taeshik"]
[Result "0-1"]
[WhiteElo "1974"]
[BlackElo "1550"]
[Annotator "Donaldson"]
[PlyCount "138"]
[EventDate "2015.??.??"]

1. e4 c6 2. d4 d5 3. Nc3 dxe4 4. Nxe4 Bf5 5. Ng3 Bg6 6. Nh3 Nf6 7. Nf4 e6 8. h4
Ne4 $2 9. Nxe4 Bxe4 10. f3 e5 11. fxe4 exf4 12. Bxf4 Be7 13. g3 g5 14. hxg5
Bxg5 15. Bc4 Bxf4 16. gxf4 Qd6 17. Qd2 Nd7 18. O-O-O O-O-O 19. Bxf7 Qe7 20. Bb3
Nc5 21. e5 Nxb3+ 22. axb3 h5 23. f5 h4 24. Qf4 h3 25. Rd3 Rh4 26. Qe3 h2 27.
Rd2 Qh7 28. f6 Rg8 29. Qf2 $4 (29. f7 Qxf7 30. Rdxh2 Rxh2 31. Rxh2 $18) 29...
Rg1+ 30. Rd1 $4 (30. Rxg1 hxg1=Q+ 31. Qxg1 Rh1 32. Rd1 $11) 30... Qh6+ 31. Qd2
Rxd4 32. Rxh2 Rxd2 33. Rhxd2 Rxd1+ 34. Kxd1 Qh1+ 35. Ke2 Qe4+ 36. Kf1 Qh1+ 37.
Ke2 Qh2+ 38. Kd1 Qxe5 39. Rf2 Qd4+ 40. Ke1 Qe4+ 41. Kf1 Qh1+ 42. Ke2 Qh5+ 43.
Kf1 Qf7 44. Ke1 Kd7 45. Kd2 b5 46. Kc1 Ke8 47. Kb1 a5 48. Ka2 a4 49. Rf3 axb3+
50. cxb3 Qa7+ 51. Kb1 Kf7 52. Rh3 Qg1+ 53. Ka2 Qg2 54. Rc3 Kxf6 55. b4 Ke6 56.
Ka3 Qe4 57. Rc5 Kd6 58. Kb3 Qd3+ 59. Rc3 Qd1+ 60. Rc2 Kd5 61. Kc3 Qxc2+ 62.
Kxc2 Kc4 63. Kc1 Kxb4 64. Kc2 Kc4 65. Kc1 Kb3 66. Kb1 b4 67. Kc1 Ka2 68. Kc2
b3+ 69. Kc3 c5 0-1

[Event "Mechanics' Fall TNM; G/2"]
[Site "San Francisco"]
[Date "2015.11.03"]
[Round "3.30"]
[White "Askin, David Benja"]
[Black "McKellar, Daniel"]
[Result "1-0"]
[WhiteElo "1974"]
[BlackElo "1596"]
[Annotator "Donaldson"]
[PlyCount "61"]
[EventDate "2015.??.??"]

1. d4 Nf6 2. Nf3 d5 3. c4 c6 4. Nc3 e6 5. e3 Nbd7 6. Bd3 dxc4 7. Bxc4 b5 8. Bd3
a6 9. e4 c5 10. e5 c4 $2 {This gives White a free hand in the center. One of
the main lines of the Meran goes} (10... cxd4 11. Nxb5 {
and now Black can choose between} Nxe5 (11... Ng4) (11... axb5)) 11. Bc2 Nd5
12. Nxd5 exd5 13. O-O Be7 14. e6 fxe6 15. Ng5 Bxg5 16. Qh5+ Kf8 17. Bxg5 Nf6
18. Qh4 Bd7 19. Rfe1 Kf7 20. Re3 h6 21. Bxf6 gxf6 22. Rae1 h5 23. Rf3 f5 24.
Qf4 Qf6 25. Qd6 Rhd8 26. Re5 Qg5 27. Rfe3 Qe7 28. Rxf5+ Ke8 29. Qg3 Qb4 30.
Rxh5 Rab8 31. Qg5 1-0

[Event "Mechanics' Winter TNM; 30/90, SD/30"]
[Site "San Francisco"]
[Date "2015.01.13"]
[Round "2.12"]
[White "Askin, Michael"]
[Black "Bachseitz, Martin"]
[Result "0-1"]
[WhiteElo "2103"]
[BlackElo "1712"]
[PlyCount "60"]
[EventDate "2015.??.??"]

1. d4 d5 2. c4 c6 3. Nf3 Nf6 4. Qc2 g6 5. Bf4 Bf5 6. Qb3 Qb6 7. Qxb6 axb6 8. e3
Nbd7 9. Nc3 dxc4 10. Bxc4 b5 11. Bb3 Bg7 12. Rc1 O-O 13. O-O e6 14. Nd2 b4 15.
Na4 Bd3 16. Rfd1 Bb5 17. Nc5 Nxc5 18. Rxc5 Nd7 19. Rc2 e5 20. Bg5 exd4 21. exd4
Be2 22. Re1 Bd3 23. Rcc1 Bxd4 24. Nf3 Bxb2 25. Rcd1 Bf5 26. Re7 Nc5 27. Bh6
Nxb3 28. Bxf8 Kxf8 29. Re2 Rxa2 30. h3 Ra1 0-1

[Event "Mechanics' Winter TNM; 30/90, SD/30"]
[Site "San Francisco"]
[Date "2015.02.17"]
[Round "7.11"]
[White "Askin, Michael"]
[Black "Chea, Na"]
[Result "1-0"]
[WhiteElo "2103"]
[BlackElo "1553"]
[PlyCount "45"]
[EventDate "2015.??.??"]

1. d4 Nf6 2. c4 e6 3. Nf3 d5 4. g3 c6 5. Bg2 dxc4 6. Ne5 Be7 7. O-O O-O 8. Nxc4
Nbd7 9. Qc2 Nb6 10. Rd1 Nxc4 11. Qxc4 Qb6 12. Nc3 Nd5 13. e4 Nxc3 14. bxc3 e5
15. Be3 exd4 16. cxd4 Qb4 17. Qe2 f5 18. Rab1 Qa5 19. e5 Be6 20. Rxb7 Bd8 21.
Bxc6 Bd5 22. Rb5 Qxa2 23. Bxd5+ 1-0

[Event "Mechanics' Summer TNM; G/2"]
[Site "San Francisco"]
[Date "2015.06.23"]
[Round "5.10"]
[White "Askin, Michael"]
[Black "Clemens, Kristian"]
[Result "1-0"]
[WhiteElo "2080"]
[BlackElo "1887"]
[Annotator "Donaldson"]
[PlyCount "55"]
[EventDate "2015.??.??"]

1. d4 d5 2. c4 e6 3. Nf3 Nf6 4. g3 Nbd7 5. Bg2 Bb4+ 6. Bd2 Bxd2+ 7. Nbxd2 O-O
8. O-O c5 9. dxc5 Nxc5 10. Ne5 Qc7 11. Ndf3 Ncd7 12. Nxd7 Bxd7 13. cxd5 Nxd5
14. Rc1 Qb6 15. Ne5 Bc6 16. Nc4 Qa6 17. e4 Nf6 18. e5 Bxg2 19. exf6 $2 Bxf1 20.
Qg4 g6 21. Qg5 e5 (21... Qc6 22. Rxf1 Qf3 $19) 22. Nxe5 h6 23. Qh4 Rfe8 $2 {
Diagram #} (23... Bb5) 24. Nxf7 $1 Re4 25. Qxe4 Qxf6 26. Nxh6+ Kh8 27. Ng4 Qxb2
28. Rxf1 {and White won shortly.} 1-0

[Event "Mechanics' Leighton Allen TNM; G/2"]
[Site "San Francisco"]
[Date "2015.08.04"]
[Round "1.13"]
[White "Askin, Michael"]
[Black "Koga, Micah Kamuel"]
[Result "1-0"]
[WhiteElo "2080"]
[BlackElo "1471"]
[PlyCount "109"]
[EventDate "2015.??.??"]

1. d4 d5 2. c4 e6 3. Nf3 Nf6 4. g3 Be7 5. Bg2 O-O 6. O-O Nc6 7. b3 Bd7 8. Nc3
a6 9. Bb2 Qc8 10. e3 b6 11. Ne5 Bd6 12. Nxd7 Qxd7 13. cxd5 Nxd5 14. Nxd5 exd5
15. Bxd5 Rac8 16. Qf3 Ne7 17. Bb7 Rb8 18. Be4 b5 19. Rac1 Rb6 20. Rfd1 b4 21.
Bd3 Ng6 22. e4 Re8 23. e5 Be7 24. h4 Qh3 25. Qf5 Qxf5 26. Bxf5 Bd8 27. Rc5 Ne7
28. Bd7 Rf8 29. f4 Rg6 30. Kg2 c6 31. f5 Rh6 32. Bc1 Rh5 33. g4 Rxh4 34. Kg3
Nd5 35. Bd2 g5 36. f6 h6 37. Bxc6 Nc3 38. Bxc3 bxc3 39. Rxc3 Ba5 40. Rc2 h5 41.
Bd7 Rd8 42. Bf5 Bb6 43. Rc8 Rxc8 44. Bxc8 Kh7 45. Bf5+ Kh6 46. d5 Be3 47. Rf1
Bd4 48. Re1 Bc3 49. Re3 Bd4 50. Re4 Bb2 51. e6 fxe6 52. dxe6 Bxf6 53. e7 Bxe7
54. Rxe7 Rh1 55. Rh7# 1-0

[Event "Mechanics' Leighton Allen TNM; G/2"]
[Site "San Francisco"]
[Date "2015.08.18"]
[Round "3.14"]
[White "Askin, Michael"]
[Black "Melville, Cailen J"]
[Result "1-0"]
[WhiteElo "2080"]
[BlackElo "1809"]
[PlyCount "37"]
[EventDate "2015.??.??"]

1. Nf3 e6 2. g3 b5 3. Bg2 Bb7 4. O-O d5 5. a4 b4 6. b3 Bd6 7. Bb2 Nf6 8. d3 c5
9. Nbd2 O-O 10. Ne5 Nfd7 11. Nxd7 Nxd7 12. e4 Nb6 13. Qg4 d4 14. f4 f5 15. Qe2
Re8 16. a5 Nc8 17. e5 Bxg2 18. Qxg2 Bxe5 19. Qxa8 1-0

[Event "Mechanics' Leighton Allen TNM; G/2"]
[Site "San Francisco"]
[Date "2015.09.22"]
[Round "8.7"]
[White "Askin, Michael"]
[Black "Sarafian, Greg M"]
[Result "1/2-1/2"]
[WhiteElo "2080"]
[BlackElo "1913"]
[PlyCount "59"]
[EventDate "2015.??.??"]

1. d4 Nf6 2. Nf3 d5 3. c4 e6 4. g3 dxc4 5. Bg2 a6 6. Ne5 Bb4+ 7. Nc3 Nd5 8. O-O
O-O 9. Qc2 b5 10. a4 f6 11. Nf3 Bb7 12. axb5 Bxc3 13. bxc3 axb5 14. Rxa8 Bxa8
15. e4 Nb6 16. h4 N8d7 17. Ba3 Re8 18. Rd1 Qc8 19. Bh3 c5 20. Bxc5 Nxc5 21.
dxc5 Qxc5 22. Nd4 Qe5 23. f4 Qxe4 24. Qxe4 Bxe4 25. Nxe6 Nd5 26. Rxd5 Bxd5 27.
Nc7 Re1+ 28. Kf2 Rd1 29. Nxd5 Kf7 30. Nc7 1/2-1/2

[Event "Mechanics' Summer TNM; G/2"]
[Site "San Francisco"]
[Date "2015.07.14"]
[Round "8.3"]
[White "Askin, Michael"]
[Black "Shaw, Tenzing W"]
[Result "0-1"]
[WhiteElo "2080"]
[BlackElo "2273"]
[PlyCount "92"]
[EventDate "2015.??.??"]

1. Nf3 d5 2. g3 c5 3. Bg2 Nc6 4. d4 Nf6 5. c4 dxc4 6. Qa4 Bd7 7. dxc5 e5 8.
Qxc4 Qa5+ 9. Nc3 Qxc5 10. Qh4 Ng4 11. O-O Be7 12. Bg5 f6 13. Bc1 h5 14. h3
O-O-O 15. Be3 Qa5 16. Rac1 Kb8 17. Rfd1 g5 18. Nxg5 Nxe3 19. Nf7 Nxd1 20. Rxd1
Be6 21. Nxd8 Bxd8 22. Rd6 Nd4 23. Qe4 Qc7 24. Ra6 f5 25. Qd3 bxa6 26. e3 Bc4
27. Qb1 Ne2+ 28. Nxe2 Bxe2 29. Qxf5 Bb5 30. Qe4 Bc6 31. Qxc6 Qxc6 32. Bxc6 Kc7
33. Bd5 Kd6 34. e4 Bb6 35. Kg2 Rc8 36. Bb3 Rc1 37. g4 hxg4 38. hxg4 Re1 39. g5
Rxe4 40. f3 Re2+ 41. Kh3 Bd8 42. g6 Bf6 43. Kg4 Rxb2 44. Kf5 Bg7 45. f4 a5 46.
Ke4 a4 0-1

[Event "Mechanics' Summer TNM; G/2"]
[Site "San Francisco"]
[Date "2015.07.07"]
[Round "7.3"]
[White "Askin, Michael"]
[Black "Smail, Benedict A"]
[Result "1-0"]
[WhiteElo "2080"]
[BlackElo "2257"]
[Annotator "Donaldson"]
[PlyCount "78"]
[EventDate "2015.??.??"]

1. d4 Nf6 2. c4 e6 3. Nf3 d5 4. g3 dxc4 5. Bg2 Bb4+ 6. Nc3 O-O 7. O-O Nbd7 8.
Qc2 c5 9. dxc5 Nxc5 10. Rd1 Qe7 11. Bf4 Ncd7 12. Ne4 e5 13. Nxf6+ Qxf6 14. Bg5
Qe6 15. Be3 h6 16. Rac1 Nb6 17. a3 Be7 18. Bxb6 axb6 19. Qxc4 Bf6 20. Qb4 Rd8
21. Rxd8+ Bxd8 22. Nd2 Be7 23. Qc4 Qd6 24. Bd5 Bh3 25. Bxf7+ Kh8 26. Qd5 Qxd5
27. Bxd5 Rd8 28. e4 Rf8 29. Nc4 Bc5 30. Rc2 Bd4 31. Nd6 Rf3 32. Bc4 Rf6 33. Nb5
Bc5 34. b4 Be7 35. Bd5 Rf3 36. Rc3 Rf8 37. f3 (37. Bxb7) 37... Bd7 38. Bc4 $6 (
38. Rc7 Bxb5 39. Rxe7 $18) 38... Rc8 39. Bf1 Bf6 {
White could safely play on with good chances to win.} 1-0

[Event "Mechanics' Winter TNM; 30/90, SD/30"]
[Site "San Francisco"]
[Date "2015.02.10"]
[Round "6.8"]
[White "Askin, Michael"]
[Black "Steger, Eric"]
[Result "1/2-1/2"]
[WhiteElo "2103"]
[BlackElo "1973"]
[PlyCount "72"]
[EventDate "2015.??.??"]

1. d4 Nf6 2. c4 g6 3. Nc3 Bg7 4. e4 d6 5. Nf3 O-O 6. Be2 e5 7. O-O Nc6 8. d5
Ne7 9. b4 Nh5 10. g3 Bh3 11. Re1 h6 12. Nd2 Qd7 13. c5 f5 14. exf5 Qxf5 15.
Nde4 Nf6 16. f3 Nxe4 17. Nxe4 Rad8 18. cxd6 cxd6 19. Be3 b6 20. Rc1 Qd7 21. g4
h5 22. Nf2 hxg4 23. fxg4 Rxf2 24. Bxf2 Kf7 25. Bf3 Bh6 26. Rc3 Bf4 27. Be2 Rh8
28. Bg3 g5 29. a4 Rc8 30. Rxc8 Qxc8 31. Bxf4 gxf4 32. Qd3 Bxg4 33. Qh7+ Kf8 34.
Qh8+ Kf7 35. Qh7+ Kf8 36. Qh6+ Kf7 1/2-1/2

[Event "Mechanics' Leighton Allen TNM; G/2"]
[Site "San Francisco"]
[Date "2015.09.08"]
[Round "6.5"]
[White "Askin, Michael"]
[Black "Vickers, Keith"]
[Result "1-0"]
[WhiteElo "2080"]
[BlackElo "2200"]
[Annotator "Donaldson"]
[PlyCount "53"]
[EventDate "2015.??.??"]

1. e4 Nc6 2. d4 d5 3. Nc3 Nf6 4. e5 Ng8 5. a3 Bf5 6. g4 Bg6 7. Nge2 e6 8. h4 f6
9. Nf4 Bf7 10. Bb5 Qd7 11. exf6 gxf6 12. Qe2 O-O-O 13. Nd3 a6 14. Ba4 Bd6 15.
Nb4 Bxb4 16. axb4 Qd6 $2 (16... Kb8) 17. Bxc6 Qxc6 18. b5 axb5 19. Nxb5 Qc4 20.
Bf4 $1 Qxe2+ 21. Kxe2 Kd7 22. Rh3 Ne7 23. Ra7 Kc6 {Diagram #} (23... e5 24. Rc3
) 24. Rc3+ $1 Kxb5 25. Rc5+ Kb6 26. Bxc7+ Kxa7 27. Ra5# 1-0

[Event "Mechanics' Fall TNM; G/2"]
[Site "San Francisco"]
[Date "2015.11.24"]
[Round "6.15"]
[White "Askin, Michael Chr"]
[Black "Campers Jr, Willie"]
[Result "1-0"]
[WhiteElo "2097"]
[BlackElo "1760"]
[PlyCount "85"]
[EventDate "2015.??.??"]

1. e4 e6 2. d3 d5 3. Nd2 d4 4. g3 e5 5. Bg2 Be6 6. Ngf3 Nc6 7. O-O Be7 8. a3
Qd7 9. b4 f6 10. Bb2 h5 11. Nc4 g5 12. b5 Nd8 13. a4 h4 14. Nfxe5 fxe5 15. Nxe5
Qd6 16. Ng6 Rh6 17. Ba3 Qd7 18. Nxe7 Nxe7 19. f4 Bg4 20. Qd2 hxg3 21. f5 Nf7
22. Qb4 Nd6 23. f6 Ng6 24. Qxd4 Nf4 25. Qe5+ Kf7 26. hxg3 Ne2+ 27. Kf2 Rd8 28.
Qxg5 Rg6 29. Qd5+ Be6 30. Qh5 Rdg8 31. Qh7+ Kf8 32. Qxd7 Bxd7 33. Kxe2 Rxg3 34.
Bf3 Kf7 35. e5 Nf5 36. Bh5+ Ke6 37. f7 Nd4+ 38. Kd1 Rh8 39. f8=Q Rxf8 40. Bxf8
Kxe5 41. Be7 Bg4+ 42. Bxg4 Rxg4 43. Bf6+ 1-0

[Event "Mechanics' Fall TNM; G/2"]
[Site "San Francisco"]
[Date "2015.12.08"]
[Round "8.9"]
[White "Askin, Michael Chr"]
[Black "Krasnov, Steven"]
[Result "0-1"]
[WhiteElo "2097"]
[BlackElo "1921"]
[PlyCount "110"]
[EventDate "2015.??.??"]

1. e4 c5 2. Nf3 e6 3. d4 cxd4 4. Nxd4 a6 5. Nc3 Qc7 6. Bd3 Nf6 7. O-O Bc5 8.
Nb3 Be7 9. a4 d6 10. Be3 Nbd7 11. f4 O-O 12. a5 Nc5 13. Nxc5 dxc5 14. Qe2 Bd7
15. Bc4 Bc6 16. Bd2 Rad8 17. e5 Ne8 18. Be3 g6 19. Qf2 Bd5 20. Bxd5 exd5 21.
Na4 d4 22. Bd2 Ng7 23. Nb6 Qc6 24. Qe2 h5 25. Nc4 Qd7 26. Ra3 Qf5 27. Rd3 Rfe8
28. Qf3 Qd7 29. Be1 Qb5 30. b3 Nf5 31. Bf2 Bf8 32. g4 hxg4 33. Qxg4 Re6 34. h4
Nh6 35. Qh3 Qd7 36. Kh2 Rc6 37. Rg1 Qxh3+ 38. Kxh3 Nf5 39. h5 Bh6 40. hxg6 Rxg6
41. Rxg6+ fxg6 42. Kg4 Kf7 43. Rf3 Ke6 44. Rh3 Kf7 45. Bh4 Rd7 46. Bg5 Bg7 47.
Kf3 d3 48. cxd3 Rxd3+ 49. Kg2 Rxh3 50. Kxh3 Ke6 51. Bd8 Bf8 52. Kg4 Nd4 $11 53.
Kg5 Kf7 54. Nd6+ $4 Bxd6 55. exd6 Ne6+ 0-1

[Event "Mechanics' Fall TNM; G/2"]
[Site "San Francisco"]
[Date "2015.10.27"]
[Round "2.8"]
[White "Askin, Michael Chr"]
[Black "Melville, Cailen J"]
[Result "0-1"]
[WhiteElo "2097"]
[BlackElo "1816"]
[Annotator "Donaldson"]
[PlyCount "99"]
[EventDate "2015.??.??"]

1. d4 e6 2. c4 b6 3. e4 Bb7 4. Bd3 e5 5. dxe5 Nc6 6. Bf4 Bb4+ 7. Kf1 Nge7 8.
Bg3 Ng6 9. f4 O-O 10. h4 f6 11. h5 {Diagram [#]} Nxf4 $1 12. Bxf4 fxe5 13. Nf3
Rxf4 14. a3 Bc5 15. b4 Bd4 16. Ra2 Qg5 17. Rh3 Raf8 18. Nbd2 Rh4 19. Rxh4 Qe3
$1 20. Qe1 Qg1+ (20... Qxd3+ $19 21. Qe2 Qc3) 21. Ke2 Qxg2+ 22. Kd1 Rxf3 23.
Bf1 Qf2 24. Qxf2 Rxf2 25. Bh3 Be3 26. Rg4 Rh2 27. Bg2 Nd4 $2 (27... Bf4 $1 $19)
28. Nf1 $16 Bf4 29. Nxh2 Bxh2 30. Bh3 $2 Bf4 31. Bg2 c6 32. c5 Ba6 33. Ke1 Bc4
34. Rxf4 $1 Bxa2 35. Rg4 $2 (35. Rf2) 35... Nc2+ (35... bxc5 36. bxc5 Ne6) 36.
Kd2 Nxa3 37. Bf1 h6 38. Rg3 Nb5 39. Bh3 Be6 40. Bxe6+ dxe6 41. Rf3 bxc5 42.
bxc5 a5 43. Kd3 a4 44. Rf2 a3 45. Kc4 Kh7 46. Kb3 g5 47. Rf7+ Kg8 48. Rf6 Kg7
49. Rg6+ Kf7 50. Rxh6 {and White lost on time! He has come back all the way in
a very difficult game and is winning on the board.} 0-1

[Event "Mechanics' Fall TNM; G/2"]
[Site "San Francisco"]
[Date "2015.11.10"]
[Round "4.26"]
[White "Askin, Michael Chr"]
[Black "Robertson, Guy R"]
[Result "1-0"]
[WhiteElo "2097"]
[BlackElo "1486"]
[PlyCount "61"]
[EventDate "2015.??.??"]

1. e4 c5 2. Nf3 d6 3. d4 cxd4 4. Nxd4 Nf6 5. Nc3 Nc6 6. Be3 e6 7. Be2 Be7 8. g4
h6 9. Qd2 a6 10. O-O-O Qa5 11. f4 Nxd4 12. Bxd4 Nxe4 13. Nxe4 Qxa2 14. Nc3 Qa1+
15. Nb1 Bd7 16. b3 Qa2 17. Bxg7 Rg8 18. Bb2 Rc8 19. Nc3 Qa5 20. Ne4 Qc7 21.
Rhg1 d5 22. Nf6+ Bxf6 23. Bxf6 a5 24. Kb2 a4 25. Rc1 Qb6 26. Qd4 Qc6 27. g5
axb3 28. cxb3 Qd6 29. gxh6 Qf8 30. Rxc8+ Bxc8 31. Qa4+ 1-0

[Event "Mechanics' Winter TNM; 30/90, SD/30"]
[Site "San Francisco"]
[Date "2015.02.17"]
[Round "7.37"]
[White "Ayinala, Nihar"]
[Black "Allen, Tom"]
[Result "1-0"]
[WhiteElo "1030"]
[BlackElo "1565"]
[PlyCount "59"]
[EventDate "2015.??.??"]

1. c4 e5 2. Nc3 Nf6 3. g3 d5 4. cxd5 Nxd5 5. Bg2 Nxc3 6. bxc3 Bd6 7. e3 O-O 8.
Ne2 c6 9. O-O Bf5 10. Bb2 Nd7 11. d4 Re8 12. c4 exd4 13. Qxd4 Be5 14. Qd2 Qc7
15. Bxe5 Nxe5 16. Nd4 Nxc4 17. Qc3 Nd6 18. Nxf5 Nxf5 19. Rfd1 Rad8 20. Rxd8
Rxd8 21. Qc2 Ne7 22. Rd1 Rxd1+ 23. Qxd1 b5 24. Qc2 a5 25. Bf3 Qd6 26. Qc3 b4
27. Qb3 c5 28. Bh5 g6 29. Be2 Nc6 30. Bc4 {Black lost on time.} 1-0